|
|
|
|
| LEADER |
01581nam a2200349 a 4500 |
| 001 |
GR-Patra12572 |
| 003 |
GR-PaULI |
| 008 |
000510s1998 gr e 000 0 gre d |
| 040 |
|
|
|a GrPaTEI
|b gre
|c GR-PaULI
|
| 040 |
|
|
|a GrPaTEI
|b gre
|c GR-PaULI
|
| 245 |
0 |
0 |
|a Νοσηλευτική φροντίδα σε παιδί με βρογχικό άσθμα /
|c Σπουδαστής: Πασχάκης Περικλής ; Υπεύθυνη καθηγήτρια: Λέφα Βαρβάρα.
|
| 260 |
|
|
|a Πάτρα :
|b ΤΕΙ Πάτρας,
|c 1998
|
| 300 |
|
|
|a 102σ. ; πίν.
|
| 504 |
|
|
|a Βιβλιογραφία: σ.95-102
|
| 650 |
|
4 |
|a ΑΝΑΠΝΕΥΣΤΙΚΟ ΣΥΣΤΗΜΑ
|
| 650 |
|
4 |
|a ΒΡΟΓΧΙΚΟ ΑΣΘΜΑ
|
| 650 |
|
4 |
|a ΘΕΡΑΠΕΙΑ
|
| 650 |
|
4 |
|a ΝΟΣΗΛΕΥΤΙΚΗ ΔΙΕΡΓΑΣΙΑ
|
| 650 |
|
4 |
|a ΝΟΣΗΛΕΥΤΙΚΗ ΦΡΟΝΤΙΔΑ
|
| 650 |
|
4 |
|a ΠΑΙΔΙΚΗ ΗΛΙΚΙΑ
|
| 650 |
|
4 |
|a Πτυχιακή εργασία
|
| 700 |
1 |
|
|a Λέφα, Βαρβάρα
|
| 700 |
1 |
|
|a ΠΑΣΧΑΚΗΣ, ΠΕΡΙΚΛΗΣ
|
| 710 |
0 |
|
|a Σ.Ε.Υ.Π..
|b Τμήμα Νοσηλευτικής
|
| 710 |
0 |
|
|a Τ.Ε.Ι. Πάτρας
|
| 856 |
4 |
0 |
|u https://nereus.library.upatras.gr/formerpat/ptyxiakes/seyp/seyp_nos/1996-2000/2517pe.pdf
|
| 907 |
|
|
|a .b26600870
|b 16-04-20
|c 23-09-16
|
| 942 |
|
|
|2 ddc
|b LISK
|c ERST
|x GrPaTEI
|
| 952 |
|
|
|0 0
|1 0
|4 0
|7 0
|9 342591
|a LISK
|b LISK
|d 2021-11-12
|l 0
|r 2021-11-12 00:00:00
|w 2021-11-12
|y ERST
|x Μεταφορά από πΤΕΙ Δυτικής Ελλάδος
|
| 981 |
|
|
|p atra12572
|
| 998 |
|
|
|a 24
|b 15-01-16
|c m
|d u
|e -
|f gre
|g gr
|h 0
|
| 999 |
|
|
|c 197025
|d 197025
|